[Event "GER-chT U20 Girls"]
[Site "Osnabrueck"]
[Date "2012.12.27"]
[Round "2.2"]
[White "Orhan, Eda"]
[Black "Frey, Alisa"]
[Result "0-1"]
[WhiteElo "1580"]
[BlackElo "2053"]
[PlyCount "108"]
[EventDate "2012.12.27"]
[EventType "team-swiss"]
[EventRounds "7"]
[EventCountry "GER"]
[SourceTitle "EXT 2014"]
[Source "ChessBase"]
[SourceDate "2013.11.20"]
[SourceVersion "1"]
[SourceVersionDate "2013.11.20"]
[SourceQuality "1"]
[WhiteTeam "Heusweiler SC Reti"]
[BlackTeam "Schott Mainz"]
[WhiteTeamCountry "GER"]
[BlackTeamCountry "GER"]

1. d4 Nf6 2. Nf3 g6 3. c4 Bg7 4. Nc3 d5 5. e3 0-0 6. Bd3 c5 7. b3 Nc6 8. Bb2 Bg4 9. Be2 dxc4 10. dxc5 Qa5 11. 0-0 cxb3 12. Qxb3 Qxc5 13. Rac1 Be6 14. Qa3 Qxa3 15. Bxa3 Rfd8 16. Bb5 Rac8 17. Bxc6 Rxc6 18. Nd4 Ra6 19. Bxe7 Rd7 20. Nxe6 Rxe7 21. Nd4 Rc7 22. Rfd1 Ne8 23. Ndb5 Rc5 24. a4 Re6 25. Nd4 Rb6 26. Nce2 Rxc1 27. Rxc1 Rb4 28. a5 Ra4 29. Nb3 Ra3 30. Rb1 Nd6 31. g3 Kf8 32. Nc5 Rxa5 33. Nxb7 Rb5 34. Rxb5 Nxb5 35. Kf1 Ke7 36. Ke1 Kd7 37. Kd2 Kc6 38. Na5+ Kb6 39. Nc4+ Kc5 40. Kd3 Kb4 41. Nd4 Nxd4 42. exd4 a5 43. d5 a4 44. d6 a3 45. Nxa3 Kxa3 46. d7 Bf6 47. Ke4 Kb4 48. h4 Kc5 49. d8Q Bxd8 50. Ke5 Kc6 51. Kf4 Kd5 52. f3 Ke6 53. Kg4 Ke5 54. h5 f5+ 0-1

[Event "GER-chT U20 Girls"]
[Site "Osnabrueck"]
[Date "2012.12.27"]
[Round "1.2"]
[White "Reyher, Susan"]
[Black "Orhan, Eda"]
[Result "0-1"]
[WhiteElo "1332"]
[BlackElo "1580"]
[PlyCount "108"]
[EventDate "2012.12.27"]
[EventType "team-swiss"]
[EventRounds "7"]
[EventCountry "GER"]
[SourceTitle "EXT 2014"]
[Source "ChessBase"]
[SourceDate "2013.11.20"]
[SourceVersion "1"]
[SourceVersionDate "2013.11.20"]
[SourceQuality "1"]
[WhiteTeam "Leegebruch"]
[BlackTeam "Heusweiler SC Reti"]
[WhiteTeamCountry "GER"]
[BlackTeamCountry "GER"]

1. e4 d5 2. exd5 Qxd5 3. Nc3 Qd6 4. d4 Nf6 5. Bc4 a6 6. Nf3 b5 7. Bb3 Bb7 8. Be3 e6 9. 0-0 Be7 10. Qe2 c5 11. dxc5 Qc6 12. Rad1 Nbd7 13. Rfe1 0-0 14. Bd4 Bxc5 15. Bxc5 Nxc5 16. Rd4 Rad8 17. Rf4 Nxb3 18. axb3 Nd5 19. Nxd5 Qxd5 20. Rg4 Qf5 21. Rg3 Rd6 22. c3 Rfd8 23. Nd4 Qf6 24. Qe5 Qxe5 25. Rxe5 f6 26. Re1 e5 27. Nf5 R6d7 28. h3 g6 29. Ne3 Rd2 30. Ng4 Kf7 31. Nh6+ Ke6 32. Ng4 Rxb2 33. b4 Rbd2 34. Nh2 R2d3 35. Ree3 Rd1+ 36. Nf1 Bd5 37. Rd3 Bc4 38. Rxd8 Rxd8 39. Ne3 Be2 40. Ng4 f5 41. Nxe5 f4 42. Nc6 Rd1+ 43. Kh2 fxg3+ 44. Kxg3 Kd5 45. Nd4 Bc4 46. Nf3 Rd3 47. Kg4 Rxc3 48. Ng5 Be2+ 49. f3 Rc4+ 50. Kg3 h6 51. Ne4 Bd3 52. Nc5 Rxc5 53. bxc5 b4 54. c6 Kxc6 0-1

[Event "GER-chT U20 Girls"]
[Site "Osnabrueck"]
[Date "2011.12.27"]
[Round "2.2"]
[White "Orhan, Eda"]
[Black "Evers, Annika"]
[Result "0-1"]
[WhiteElo "1670"]
[BlackElo "1731"]
[PlyCount "60"]
[EventDate "2011.12.27"]
[EventType "team-swiss"]
[EventRounds "7"]
[EventCountry "GER"]
[SourceTitle "CBM 146 Extra"]
[Source "ChessBase"]
[SourceDate "2012.02.29"]
[SourceVersion "1"]
[SourceVersionDate "2012.02.29"]
[SourceQuality "1"]
[WhiteTeam "Wesel (W)"]
[BlackTeam "Leipzig Lindenau (W)"]
[WhiteTeamCountry "GER"]
[BlackTeamCountry "GER"]

1. d4 d5 2. Nf3 Nf6 3. e3 Bg4 4. h3 Bh5 5. g4 Bg6 6. Ne5 Nbd7 7. h4 h6 8. Nxg6 fxg6 9. Bd3 e5 10. Bxg6+ Ke7 11. b3 c5 12. Ba3 Qa5+ 13. c3 Kd8 14. dxc5 e4 15. Bf7 Ne5 16. Be6 Nf3+ 17. Kf1 Qa6+ 18. c4 Qxe6 19. cxd5 Qe5 20. Qc2 Qxa1 21. Bb2 Qxb1+ 22. Qxb1 Nd2+ 23. Ke2 Nxb1 24. Bxf6+ gxf6 25. Rxb1 Bxc5 26. Rc1 Rc8 27. f3 exf3+ 28. Kxf3 Bxe3 29. Rxc8+ Kxc8 30. Kxe3 Kd7 0-1

[Event "GER-chA U25"]
[Site "Oberhof"]
[Date "2011.06.15"]
[Round "6"]
[White "Orhan, Eda"]
[Black "Linnemann, Niklas"]
[Result "0-1"]
[WhiteElo "1759"]
[BlackElo "1847"]
[PlyCount "76"]
[EventDate "2011.06.11"]
[EventType "swiss"]
[EventRounds "9"]
[EventCountry "GER"]
[SourceTitle "CBM 142 Extra"]
[Source "ChessBase"]
[SourceDate "2011.06.27"]
[SourceVersion "1"]
[SourceVersionDate "2011.06.27"]
[SourceQuality "1"]

1. d4 Nf6 2. Nf3 g6 3. c4 Bg7 4. Nc3 d5 5. e3 0-0 6. Bd3 c5 7. b3 Nc6 8. cxd5 Nxd5 9. Nxd5 Qxd5 10. Bc4 Qd8 11. Bb2 Bg4 12. Be2 Qa5+ 13. Qd2 Qxd2+ 14. Kxd2 Rfd8 15. Rhd1 cxd4 16. Nxd4 Nxd4 17. exd4 Bxd4 18. Bxd4 Rxd4+ 19. Ke3 Rxd1 20. Rxd1 Bxe2 21. Kxe2 Kf8 22. Rd7 Rb8 23. Ke3 Ke8 24. Rd2 Rd8 25. Rxd8+ Kxd8 26. Kd4 Kc7 27. f4 Kd6 28. g4 f6 29. h3 e6 30. b4 b5 31. g5 fxg5 32. fxg5 e5+ 33. Ke4 Ke6 34. h4 Kd6 35. a3 Ke6 36. Ke3 Kf5 37. Kf3 e4+ 38. Ke3 Ke5 0-1

[Event "GER-ch U25"]
[Site "Oberhof"]
[Date "2010.05.23"]
[Round "2"]
[White "Eggert, Andre"]
[Black "Orhan, Eda"]
[Result "0-1"]
[WhiteElo "1300"]
[BlackElo "1778"]
[PlyCount "98"]
[EventDate "2010.05.22"]
[EventType "swiss"]
[EventRounds "9"]
[EventCountry "GER"]
[SourceTitle "CBM 136 Extra"]
[Source "ChessBase"]
[SourceDate "2010.07.02"]
[SourceVersion "2"]
[SourceVersionDate "2010.07.15"]
[SourceQuality "1"]

1. c4 Nf6 2. Nc3 d5 3. e3 e6 4. d4 c6 5. c5 b6 6. b4 Nbd7 7. Nf3 Qc7 8. g3 e5 9. Be2 Be7 10. 0-0 0-0 11. Ne1 e4 12. Ng2 Re8 13. f4 a5 14. Ba3 axb4 15. Bxb4 bxc5 16. dxc5 Bxc5 17. Bxc5 Nxc5 18. Rb1 Ba6 19. Bxa6 Rxa6 20. Qc2 Rea8 21. Rb4 Nd3 22. Rb3 Qa7 23. Rfb1 Nc5 24. Rb4 Qc7 25. Qb2 Nfd7 26. Nh4 g6 27. Ng2 Qd6 28. Ne1 Na4 29. Nxa4 Rxa4 30. Rxa4 Rxa4 31. Qb3 Ra3 32. Qb2 Rxe3 33. Ng2 Rd3 34. Ne1 Qc5+ 35. Kg2 Ra3 36. Rc1 Rxa2 37. Rxc5 Rxb2+ 38. Rc2 Rxc2+ 39. Nxc2 c5 40. Kf2 d4 41. Ke1 f5 42. Na3 Kf7 43. Nc4 Ke6 44. Kd2 Kd5 45. Nb2 c4 46. Nd1 Nc5 47. h4 e3+ 48. Ke2 Ne4 49. Kf3 c3 0-1

[Event "GER-ch U25 op"]
[Site "Willingen"]
[Date "2009.06.01"]
[Round "3"]
[White "Takeuchi, Eiki"]
[Black "Orhan, Eda"]
[Result "1-0"]
[WhiteElo "1882"]
[BlackElo "1769"]
[PlyCount "55"]
[EventDate "2009.05.30"]
[EventType "swiss"]
[EventRounds "9"]
[EventCountry "GER"]
[SourceTitle "EXT 2010"]
[Source "ChessBase"]
[SourceDate "2010.11.25"]
[SourceVersion "1"]
[SourceVersionDate "2010.11.25"]
[SourceQuality "1"]

1. e4 d5 2. exd5 Qxd5 3. Nc3 Qd6 4. Nf3 Nf6 5. Bc4 a6 6. a4 Bg4 7. 0-0 e6 8. Re1 Be7 9. d3 0-0 10. h3 Bh5 11. Bg5 Nc6 12. g4 Bg6 13. Qd2 h5 14. Bf4 Qd7 15. g5 Nd5 16. Bg3 Nxc3 17. bxc3 Bd6 18. Nh4 Bxg3 19. Nxg6 Rfe8 20. fxg3 fxg6 21. Qe3 Kh7 22. g4 Nd8 23. Qe2 e5 24. Kh2 Qd6 25. Qe4 Qc6 26. Bd5 Qc5 27. gxh5 Qf2+ 28. Kh1 1-0

[Event "GER-ch U14 Girls"]
[Site "Willingen"]
[Date "2008.05.11"]
[Round "9"]
[White "Orhan, Eda"]
[Black "Klek, Hanna Marie"]
[Result "0-1"]
[WhiteElo "1534"]
[BlackElo "1919"]
[PlyCount "52"]
[EventDate "2008.05.11"]
[EventType "swiss"]
[EventRounds "9"]
[EventCountry "GER"]
[SourceTitle "CBM 124 Extra"]
[Source "ChessBase"]
[SourceDate "2008.07.03"]
[SourceVersion "1"]
[SourceVersionDate "2008.07.03"]
[SourceQuality "1"]

1. d4 d5 2. Nf3 Nf6 3. e3 c5 4. b3 a6 5. Bd3 Nc6 6. Nbd2 Bg4 7. Bb2 cxd4 8. exd4 e6 9. 0-0 Bd6 10. Re1 0-0 11. c4 Bb4 12. Qc2 Bxf3 13. gxf3 dxc4 14. Bxc4 Nxd4 15. Bxd4 Qxd4 16. Rad1 Qf4 17. Re3 Rac8 18. Qb2 Rfd8 19. a3 Ba5 20. Kg2 Qg5+ 21. Kh1 Qh4 22. Kg2 b5 23. Bf1 Bc7 24. Re5 Rd4 25. Rde1 Qf4 26. Qc1 Rxd2 0-1

[Event "GER-chT U20 Girls"]
[Site "Stuttgart"]
[Date "2007.12.30"]
[Round "7.4"]
[White "Orhan, Eda"]
[Black "Bischoff, Laura"]
[Result "0-1"]
[WhiteElo "1517"]
[BlackElo "1585"]
[PlyCount "124"]
[EventDate "2007.12.27"]
[EventType "team-swiss"]
[EventRounds "7"]
[EventCountry "GER"]
[SourceTitle "EXT 2009"]
[Source "ChessBase"]
[SourceDate "2008.11.26"]
[SourceVersion "1"]
[SourceVersionDate "2008.11.26"]
[SourceQuality "1"]
[WhiteTeam "Bochum SG U20 Girls"]
[BlackTeam "Dresden Gruen Weiss U20 Girls"]
[WhiteTeamCountry "GER"]
[BlackTeamCountry "GER"]

1. d4 d5 2. Nf3 e6 3. e3 Nf6 4. Bd3 Nbd7 5. 0-0 Bd6 6. Nbd2 c5 7. b3 0-0 8. Bb2 b6 9. Ne5 Qc7 10. f4 Ne8 11. Qg4 f5 12. Qh3 cxd4 13. exd4 Nef6 14. c4 Bb7 15. Rac1 Qd8 16. cxd5 Bxd5 17. Bc4 Qe7 18. Bxd5 Nxd5 19. Ndc4 Rac8 20. Qf3 N7f6 21. Nxd6 Qxd6 22. Nc4 Qd7 23. Ba3 Rfd8 24. Ne5 Qe8 25. Rxc8 Rxc8 26. Rc1 Rxc1+ 27. Bxc1 Qc8 28. Qd1 Qc3 29. Qd2 Ne4 30. Qxc3 Nexc3 31. Bd2 Ne2+ 32. Kf2 Nxd4 33. Be3 Nc2 34. Bd2 Ncb4 35. Bxb4 Nxb4 36. a3 Nc2 37. Nc6 a5 38. a4 Na1 39. Nd4 Kf7 40. Ke2 Kf6 41. Kd3 e5 42. fxe5+ Kxe5 43. Nf3+ Kd5 44. Kc3 Kc5 45. Ne5 b5 46. Nd3+ Kc6 47. Kb2 Nxb3 48. Kxb3 bxa4+ 49. Kxa4 Kd5 50. Ne1 Ke4 51. Kxa5 Ke3 52. Nf3 Kf2 53. Nh4 f4 54. g4 f3 55. Kb4 Ke2 56. Nf5 f2 57. Ng3+ Ke1 58. Kc4 f1Q+ 59. Nxf1 Kxf1 60. h4 Kg2 61. Kd5 Kg3 62. g5 Kxh4 0-1